banner koha

Calendario ephemerides e dados astronomicos / (Registro n. 330436)

MARC details
000 -LÍDER
Campo de controle fixo 00748nam a22002537a 4500
001 - NÚMERO DE CONTROLE
Número de controle BR2024004496
003 - CÓDIGO MARC DA AGÊNCIA CATALOGADORA
Campo de controle BR-BrBNA
005 - DATA E HORA DA ÚLTIMA ATUALIZAÇÃO
Campo de controle 20250314200122.0
008 - CAMPO DE TAMANHO FIXO
Campo fixo de controle 250314b bl.||||| |||| 00| 0 por d
040 ## - FONTE DA CATALOGAÇÃO
Agência catalogadora BR-BrBNA
Idioma da catalogação por
041 ## - CÓDIGO DO IDIOMA
Código do Idioma por
072 ## - CATEGORIA AGRIS
Código da categoria de assunto/objeto <a href="U10">U10</a>
090 ## - NÚMERO DE CHAMADA
Localização na estante U10
Código BR BR2024004496
110 ## - ENTRADA PRINCIPAL - ENTIDADE
Código de relação aut.
Nome da entidade ou lugar Departamento de estatística e publicidade
245 ## - TÍTULO PRINCIPAL
Título principal Calendario ephemerides e dados astronomicos /
260 ## - IMPRENTA (PUBLICAÇÃO, DISTRIBUIÇÃO, ETC.)
Lugar de publicação, distribuição, etc. Rio de Janeiro, RJ (Brasil) :
Nome do editor, distribuidor, etc. Ministerio da Agricultura,
Data de publicação, distribuição, etc 1895.
300 ## - DESCRIÇÃO FÍSICA
Extensão 374 p.
505 ## - NOTA DE CONTEÚDO
Nota de conteúdo Annuario publicado pelo o observatório do rio de janeiro para o ano de 1895.
650 ## - ASSUNTO - THESAGRO
Cabeçalho tópico ou nome geográfico ASTRONOMIA
650 ## - ASSUNTO - THESAGRO
Cabeçalho tópico ou nome geográfico CRONOLOGIA
650 ## - ASSUNTO - THESAGRO
Cabeçalho tópico ou nome geográfico CALENDARIO
909 ## - IDENTIFICAÇÃO DO CATALOGADOR
Ano e mês da catalogação (aaaamm) 202503
Identificação do catalogador Martins
942 ## - TIPO ESPECÍFICO
Tipo de material Livros
952 ## - LOCATION AND ITEM INFORMATION (KOHA)
-- 2025-03-14
Exemplares
Status de empréstimo Fonte de classificação Status de danificação Não pode ser emprestado Código da coleção Localização permanente Localização atual Localização na estante Total Checkouts Número de chamada Código de barras Tipo de material
  Classificação AGRIS     Obras Raras Biblioteca Nacional de Agricultura - Binagri Biblioteca Nacional de Agricultura - Binagri Agrobase - Obras Raras   U10 BR2024004496 OBR 2025-1669 Livros

BINAGRI

Telefone: (61)3218-2567/2388/3357/2097 - binagri@agro.gov.br

Ministério da Agricultura e Pecuária , Esplanada dos Ministérios, Bloco D, Anexo B, Brasília/DF, CEP: 70.043-900